Musical Acts by Letter - Q - Statistics

General Stats
  • This quiz has been taken 12,094 times
  • The average score is 2 of 6
Answer Stats
Years Active Country Songs Band or Artist % Correct
1973 - Bohemian Rhapsody | Bicycle Race Queen
100%
1983 - Metal Health (Bang Your Head) | Cum on Feel the Noise Quiet Riot
31%
1998 - No One Knows | Make it Wit Chu Queens of the Stone Age
23%
1989 - U.N.I.T.Y. | When You've Been Good to Mama Queen Latifah
17%
1984 - Silent Lucidity | Jet City Woman Queensrÿche
16%
1999 - A Little Party Never Killed Nobody (All We Got) | Vivrant Thing Q-Tip
9%
No matching quizzes found
Score Distribution
Percent of People with Each Score
Percentile by Number Answered
Your Score History
You have not taken this quiz